000 00532nam a2200181Ia 4500
003 GCL
008 140319s9999 xx 000 0 ara d
040 _aGCL /
_cGCL
082 0 4 _a819.9
_bع ا
100 1 _aمحمود عباس العقاد
245 1 0 _aالانسان فى القران /
_cمحمود عباس العقاد
260 _a[S.N] :
_bدار نهضة مصر للطبع والنشر
300 _a164
490 _a
650 0 4 _aالانسان
650 0 4 _aالانسان فى الاسلام
942 _2ddc
_cBK
999 _c54109
_d54109